000 00516nam a22001817a 4500
005 20171009112640.0
010 _aENG-120755
020 _a9789386191090
_c200.00
035 _aEN-104287
037 _bDBAD/PUB
082 _aN
100 _aSsood,Avijitt
245 _aIt's never a break-up in love/
_cby Avijitt Ssood
260 _aNew Delhi
_bLifi Publication
_c2017
270 _a211,2nd Floor,Gagandeep,12 Rajendra Place
_bNew Delhi
_e110008
300 _avii,150p.
_c20cm (pbk)
942 _2ddc
_cEN
_hN
_mSSO
999 _c146253
_d146253